| 000 | 00435nam a2200181Ia 4500 | ||
|---|---|---|---|
| 001 | 58723 | ||
| 008 | 140507s9999 xx 000 0 und d | ||
| 020 | _a9780071393089 | ||
| 040 | _cPK-LaUMT | ||
| 082 |
_a 515 _bKRA-C |
||
| 100 | _aKrantz, Steven G. | ||
| 245 |
_aCalculus demystified _cKrantz, Steven G. |
||
| 260 |
_aNew York,USA: _bMcGraw-Hill, _c2003 |
||
| 300 | _a343 p. | ||
| 546 | _aEN | ||
| 650 | _aCalculus | ||
| 942 | _cBK | ||
| 999 |
_c55985 _d55985 |
||